000 00679nam a2200253Ia 4500
003 OSt
005 20220918175054.0
006 a|||||r|||| 00| 0
007 ta
008 220917b |||||||| |||| 00| 0 eng d
024 _a15,555
037 _cTextual
040 _aARTS
_cARTS
_beng
041 _2eng
_aeng
082 _aNA44,C, L7
100 _aWeiner Sheila L.
_952797
245 0 _aAjanto
_b its place in buddhist art
260 _aBerkeley
_bUniv of California Press
_c1977
300 _axx,138p.+104 plates
_ccm.
500 _aBib p.121-32
650 _aARTS
942 _hNA44,C, L7
_cTEXL
_2CC
999 _c155953
_d155953